Normal view MARC view
  • RAJA. DR R RAMASUBRAMANIA

Entry Personal Name

Number of records used in: 2

001 - CONTROL NUMBER

  • control field: 8804

003 - CONTROL NUMBER IDENTIFIER

  • control field: JRU

005 - DATE AND TIME OF LATEST TRANSACTION

  • control field: 20251125073041.0

008 - FIXED-LENGTH DATA ELEMENTS

  • fixed length control field: 251125|| aca||aabn | a|a d

040 ## - CATALOGING SOURCE

  • Original cataloging agency: JRU
  • Transcribing agency: JRU

100 ## - HEADING--PERSONAL NAME

  • Personal name: RAJA. DR R RAMASUBRAMANIA

670 ## - SOURCE DATA FOUND

  • Source citation: Work cat.: (JRU)8981: RAJA. DR R RAMASUBRAMANIA ., PHARMACOGNOSY AND PHYTOCHEMISTRY-II : Practicals for b. Pharm, [2nd year] , 2025